Jean De Sperati Reproduction 'Die' Proofs (Record no. 2270)

000 -LEADER
fixed length control field 00334nam a22000977a 4500
008 - FIXED-LENGTH DATA ELEMENTS--GENERAL INFORMATION
fixed length control field 170218b xxu||||| |||| 00| 0 eng d
100 ## - MAIN ENTRY--AUTHOR'S NAME
Author's Name Stanley Gibbons, London Sale 5322 PR
245 ## - TITLE STATEMENT
Title Jean De Sperati Reproduction 'Die' Proofs
260 ## - PUBLICATION, DISTRIBUTION, ETC. (IMPRINT)
Place of publication, distribution, etc. London
Name of publisher, distributor, etc. Stanley Gibbons Auctions Ltd
650 ## - TOPICAL TERM (Tag)
Topical term or geographic name Counterfeits and Forgeries, | Essays and Proofs
Holdings
Withdrawn status Lost status Source of classification or shelving scheme Damaged status Koha normalized classification for sorting Not for loan Collection code Permanent Location Current Location Shelving location Date acquired Total Checkouts Full call number Barcode Date last seen Price effective from Koha item type
        G3201 P964 D468     Northern Philatelic Library Northern Philatelic Library General Stacks 02/18/2017   G3201 P964 D468 1002689 04/15/2017 02/18/2017 Stamp Catalogs

Powered by Koha